| 000 | 01131nam a2200313 i 4500 | ||
|---|---|---|---|
| 001 | 000035326 | ||
| 003 | DO-SdBNP | ||
| 005 | 20240715140508.0 | ||
| 007 | ta | ||
| 008 | 111027s2011 dr 000 0 spa d | ||
| 040 |
_aDO-SdBNP _bspa _cBNPHU _erda |
||
| 082 |
_a344.092 _bR426L, 2011 _222 |
||
| 110 | 1 |
_aRepública Dominicana. _9447 |
|
| 240 | 1 | 0 | _a[Leyes, etc.] |
| 245 | 1 | 0 |
_aLey general de archivos de la República Dominicana Nº. 481-08 y su reglamento de aplicación decreto Nº. 129-10 / _ceditor Raymundo González. |
| 246 | 1 | 3 | _aReglamento de aplicación decreto Nº. 129-10 |
| 264 |
_aSanto Domingo : _bArchivo General de la Nación, _c2011. |
||
| 300 |
_a121 páginas _c23 cm. |
||
| 336 |
_2rdacontent _atexto _btxt |
||
| 337 |
_2rdamedia _asin mediación _bn |
||
| 338 |
_2rdacarrier _avolumen _bnc |
||
| 590 | _aInventariado,2018/DG | ||
| 650 | 4 |
_aLegislación archivística _911089 |
|
| 651 | 4 |
_aRepública Dominicana _xLey No. 481-08 _961099 |
|
| 700 |
_aGonzález, Raymundo _eeditor _96373 |
||
| 710 | 2 |
_aArchivo General de la Nación _94315 |
|
| 910 | _aValidado. Control de calidad EMS | ||
| 942 |
_2ddc _cLBS1 |
||
| 999 |
_c34817 _d34817 |
||